Robert Indiana and the Star of Hope : (Record no. 581234)

MARC details
000 -LEADER
fixed length control field 00458nam a2200193 a 4500
008 - FIXED-LENGTH DATA ELEMENTS--GENERAL INFORMATION
fixed length control field 250812s2009##################000#0#eng##
020 ## - INTERNATIONAL STANDARD BOOK NUMBER
ISBN 9780300154702
082 04 - DEWEY DECIMAL CLASSIFICATION NUMBER
Classification number 709.2
Item number WIL
100 1# - MAIN ENTRY--AUTHOR NAME
Personal name Wilmerding, John,
245 10 - TITLE STATEMENT
Title Robert Indiana and the Star of Hope :
260 ## - PUBLICATION, DISTRIBUTION, ETC. (IMPRINT)
Year of publication 2009.
300 ## - PHYSICAL DESCRIPTION
Number of Pages 136 pages
650 #0 - SUBJECT ADDED ENTRY--TOPICAL TERM
Topical Term Art.
942 ## - ADDED ENTRY ELEMENTS (KOHA)
Koha item type English Books
Holdings
Withdrawn status Lost status Damaged status Not for loan Home library Current library Shelving location Date acquired Full call number Accession Number Price effective from Koha item type
        Anna Centenary Library Anna Centenary Library 6TH FLOOR, B WING 12.08.2025 709.2 WIL 124058 12.08.2025 English Books

Find us on the map